[Event "35t. Copenhagen Open (Politiken Cup)"]
[Site "Elsinore"]
[Date "2013.08.01"]
[Round "7"]
[White "Eddy, Samuel"]
[Black "Olsson, Tomas"]
[Result "1/2-1/2"]
[WhiteElo "2096"]
[BlackElo "1932"]
[PlyCount "80"]
[EventDate "2013.07.27"]
[EventType "swiss"]
[EventRounds "10"]
[EventCountry "DEN"]
[Source "ChessBase"]
[SourceDate "2013.08.26"]

1. d4 Nf6 2. c4 g6 3. Nc3 Bg7 4. e4 d6 5. f3 O-O 6. Be3 e5 7. Nge2 c6 8. Qd2
Nbd7 9. d5 cxd5 10. cxd5 Ne8 11. g4 a6 12. Ng3 b5 13. h4 f6 14. g5 Rf7 15. h5
Nf8 16. hxg6 hxg6 17. O-O-O fxg5 18. Bxg5 Bf6 19. Be3 Rh7 20. Rg1 Kh8 21. f4
exf4 22. Bxf4 Raa7 23. e5 dxe5 24. Be3 Rad7 25. Nce4 Be7 26. Bg2 Nd6 27. Nxd6
Bxd6 28. Ne4 Rc7+ 29. Kb1 Bf5 30. Bb6 Bxe4+ 31. Bxe4 Qh4 32. Bxg6 Nxg6 33. Bxc7
Qe4+ 34. Qd3 Qxd3+ 35. Rxd3 Nf4 36. Bxd6 Nxd3 37. Kc2 e4 38. Rg4 Rh6 39. Rxe4
Rxd6 40. Kxd3 Rxd5+ 1/2-1/2

[Event "35t. Copenhagen Open (Politiken Cup)"]
[Site "Elsinore"]
[Date "2013.08.01"]
[Round "7"]
[White "Edouard, Romain"]
[Black "Svane, Rasmus"]
[Result "1-0"]
[WhiteElo "2662"]
[BlackElo "2427"]
[PlyCount "121"]
[EventDate "2013.07.27"]
[EventType "swiss"]
[EventRounds "10"]
[EventCountry "DEN"]
[Source "ChessBase"]
[SourceDate "2013.08.26"]

1. d4 d5 2. c4 e6 3. Nc3 Nf6 4. Nf3 c5 5. cxd5 Nxd5 6. g3 cxd4 7. Nxd4 Nxc3 8.
bxc3 e5 9. Nb5 a6 10. Qxd8+ Kxd8 11. Na3 Be6 12. Bg2 Nc6 13. Nc2 Kc7 14. O-O
Bc5 15. Ne1 Rad8 16. Nd3 Ba7 17. Bxc6 Kxc6 18. Nxe5+ Kc7 19. Nf3 Rhe8 20. Re1
Kc8 21. Bf4 f6 22. h4 h6 23. Be3 Bxe3 24. fxe3 Bd7 25. Kf2 Re7 26. Nd2 Rde8 27.
Rad1 Kc7 28. Nf1 Bh3 29. Rd3 Bxf1 30. Rxf1 Re5 31. Rb1 Rf5+ 32. Ke1 Ra5 33. Rb2
Re7 34. Kd2 Re4 35. Rd4 Rae5 36. Rxe4 Rxe4 37. Rb4 Re7 38. h5 Kc6 39. Kd3 Kd5
40. e4+ Kc6 41. Rc4+ Kd6 42. Rd4+ Ke6 43. c4 g6 44. Rd5 Rg7 45. Kd4 gxh5 46.
Rxh5 Rxg3 47. Rxh6 Rg2 48. e5 Rxe2 49. Rxf6+ Kd7 50. a4 Ra2 51. Kd5 Rd2+ 52.
Kc5 Re2 53. Rf7+ Ke6 54. Rxb7 Rxe5+ 55. Kb6 Kd6 56. Rc7 Re8 57. c5+ Kd5 58.
Rd7+ Kc4 59. c6 a5 60. c7 Kb4 61. Rd4+ 1-0

[Event "35t. Copenhagen Open (Politiken Cup)"]
[Site "Elsinore"]
[Date "2013.08.01"]
[Round "7"]
[White "Emborg, Jens"]
[Black "Wiberg, Jonas"]
[Result "1/2-1/2"]
[WhiteElo "1618"]
[BlackElo "1877"]
[PlyCount "107"]
[EventDate "2013.07.27"]
[EventType "swiss"]
[EventRounds "10"]
[EventCountry "DEN"]
[Source "ChessBase"]
[SourceDate "2013.08.26"]

1. e4 c6 2. d4 d5 3. exd5 cxd5 4. Nf3 Bg4 5. Bb5+ Nc6 6. h3 Bd7 7. Nc3 e6 8.
Bf4 Nf6 9. O-O Be7 10. Ne5 Nxe5 11. dxe5 Ng8 12. Bg3 h5 13. a4 a6 14. Bd3 g6
15. Rb1 Rc8 16. Ne2 Bxa4 17. Nf4 Rh6 18. b3 Bd7 19. c4 dxc4 20. Bxc4 Qb6 21.
Qe2 Rd8 22. Nd3 Bc6 23. Bf4 Rh7 24. Be3 Qc7 25. Rfc1 Qb8 26. Bb6 Rd7 27. b4 Bd5
28. Nc5 Bxc5 29. bxc5 Ne7 30. Ba5 Qc8 31. Bb3 Bc6 32. Rb2 Kf8 33. Rd2 Kg7 34.
Rd6 Nf5 35. Rxd7 Qxd7 36. Bc3 Qd8 37. Rd1 Qg5 38. f3 Nh4 39. Bd2 Nxf3+ 40. Qxf3
Bxf3 41. Bxg5 Bxd1 42. Bf6+ Kf8 43. Bxd1 Ke8 44. Bf3 Kd7 45. Bxb7 a5 46. c6+
Kc7 47. Kf2 h4 48. Ke3 Rh5 49. Ke4 a4 50. Be7 Rf5 51. Bd6+ Kb6 52. Ba8 Rf1 53.
Bc5+ Kc7 54. Bd6+ 1/2-1/2

[Event "35t. Copenhagen Open (Politiken Cup)"]
[Site "Elsinore"]
[Date "2013.08.01"]
[Round "7"]
[White "Englert, Fabian"]
[Black "Andersen, Soren P"]
[Result "1-0"]
[WhiteElo "2282"]
[BlackElo "2115"]
[PlyCount "81"]
[EventDate "2013.07.27"]
[EventType "swiss"]
[EventRounds "10"]
[EventCountry "DEN"]
[Source "ChessBase"]
[SourceDate "2013.08.26"]

1. e4 c5 2. Nf3 d6 3. d4 cxd4 4. Nxd4 Nf6 5. Nc3 a6 6. f4 e6 7. Qf3 Qc7 8. Be3
b5 9. Bd3 Nbd7 10. g4 Nc5 11. g5 Nfd7 12. O-O-O Nxd3+ 13. Rxd3 Nc5 14. Rd2 b4
15. Nce2 Nxe4 16. Qxe4 Bb7 17. Nxe6 fxe6 18. Qxe6+ Qe7 19. Qxe7+ Bxe7 20. Re1
O-O 21. Nd4 Be4 22. Ne6 Rf7 23. Bd4 d5 24. Be5 a5 25. Nc7 Rd8 26. b3 Rf5 27. h4
Rf7 28. Kb2 h5 29. Rd4 Bf3 30. Ne6 Rc8 31. g6 Rf5 32. Nxg7 Rxe5 33. Rxe5 Bf6
34. Nf5 Be4 35. Rdxe4 dxe4 36. Ne7+ Kg7 37. Nxc8 Kxg6 38. Kc1 Bxe5 39. fxe5 Kf5
40. Kd2 Kxe5 41. Ke3 1-0

[Event "35t. Copenhagen Open (Politiken Cup)"]
[Site "Elsinore"]
[Date "2013.08.01"]
[Round "7"]
[White "Evertsson, Lennart"]
[Black "Alquist, Erik"]
[Result "1-0"]
[WhiteElo "2200"]
[BlackElo "2053"]
[PlyCount "91"]
[EventDate "2013.07.27"]
[EventType "swiss"]
[EventRounds "10"]
[EventCountry "DEN"]
[Source "ChessBase"]
[SourceDate "2013.08.26"]

1. Nf3 Nf6 2. c4 c5 3. Nc3 Nc6 4. e3 d5 5. cxd5 Nxd5 6. Qb3 Nxc3 7. Qxc3 Qa5 8.
Qxa5 Nxa5 9. b3 Bd7 10. Ne5 Be6 11. Bb5+ Kd8 12. Bb2 a6 13. Be2 f6 14. Nd3 Rc8
15. Bc3 b6 16. Nf4 Bf7 17. Bxa6 Ra8 18. Bd3 e5 19. Be4 Ra7 20. Ne2 c4 21. b4
Nb7 22. O-O Nd6 23. Bc6 Kc7 24. b5 Nb7 25. f4 exf4 26. Nxf4 Bc5 27. g4 Rd8 28.
g5 fxg5 29. Nh3 Bd5 30. Bxd5 Rxd5 31. Rf7+ Rd7 32. Rxd7+ Kxd7 33. Nxg5 g6 34.
Nxh7 Ra3 35. Nf6+ Ke6 36. Ne4 Kd5 37. Nxc5 Nxc5 38. Kf1 Ne4 39. Bb4 Ra4 40. a3
Nc5 41. Ke2 Nd3 42. Bc3 Nc5 43. Rg1 Rxa3 44. Rg5+ Kd6 45. Rxg6+ Ne6 46. Bb4+
1-0

[Event "35t. Copenhagen Open (Politiken Cup)"]
[Site "Elsinore"]
[Date "2013.08.01"]
[Round "7"]
[White "Nilssen, Ellen Fredericia"]
[Black "Wimo, Jorgen"]
[Result "1-0"]
[WhiteElo "1544"]
[BlackElo "1714"]
[PlyCount "57"]
[EventDate "2013.07.27"]
[EventType "swiss"]
[EventRounds "10"]
[EventCountry "DEN"]
[Source "ChessBase"]
[SourceDate "2013.08.26"]

1. d4 Nf6 2. c4 g6 3. Nc3 Bg7 4. Nf3 O-O 5. Bf4 d6 6. e3 Nbd7 7. Be2 a5 8. h3
c5 9. O-O Nb6 10. Rc1 cxd4 11. exd4 Nh5 12. Be3 e5 13. dxe5 Bd7 14. exd6 Rc8
15. c5 Na8 16. Qd2 b6 17. Nd5 Kh8 18. Nxb6 Nxb6 19. cxb6 Be6 20. b3 f5 21. Rfd1
f4 22. Bd4 Qd7 23. Bxg7+ Nxg7 24. Rc7 Rxc7 25. dxc7 Qc8 26. Qd8 Qa8 27. Qxa8
Rxa8 28. Rd8+ Rxd8 29. cxd8=Q+ 1-0

[Event "35t. Copenhagen Open (Politiken Cup)"]
[Site "Elsinore"]
[Date "2013.08.01"]
[Round "7"]
[White "Glud, Jakob Vang"]
[Black "Carlstedt, Jonathan"]
[Result "1/2-1/2"]
[WhiteElo "2520"]
[BlackElo "2387"]
[PlyCount "149"]
[EventDate "2013.07.27"]
[EventType "swiss"]
[EventRounds "10"]
[EventCountry "DEN"]
[Source "ChessBase"]
[SourceDate "2013.08.26"]

1. c4 e5 2. g3 Nf6 3. Bg2 c6 4. d4 exd4 5. Qxd4 d5 6. Nf3 Be7 7. O-O O-O 8.
cxd5 cxd5 9. Nc3 Nc6 10. Qa4 Qb6 11. Qb5 Bc5 12. Qxb6 axb6 13. Bf4 h6 14. a3 g5
15. Bd2 d4 16. Nb5 Ne4 17. b4 Be7 18. Rad1 Rd8 19. Bc1 Bf6 20. Nd2 Nc3 21. Nxc3
dxc3 22. Ne4 Bg7 23. Rxd8+ Nxd8 24. Nd6 Bd7 25. Nxb7 Nxb7 26. Bxb7 Re8 27. e4
c2 28. Kg2 Bb5 29. Re1 Bc3 30. Re3 Bd4 31. Rf3 f6 32. Rf5 Bd3 33. f3 Be5 34. f4
Bd4 35. Kf3 Kg7 36. fxg5 hxg5 37. h4 g4+ 38. Kf4 Kg6 39. Bd5 Be2 40. Bc6 Rc8
41. h5+ Kf7 42. b5 Be5+ 43. Ke3 Bc4 44. Rf2 Rd8 45. Rxc2 Rd3+ 46. Ke2 Bc3 47.
Kf2 Rf3+ 48. Kg2 Bf1+ 49. Kh2 Be5 50. Bf4 Bxf4 51. gxf4 g3+ 52. Kg1 Bh3 53. Rc1
Rxf4 54. e5 fxe5 55. Bg2 Bg4 56. Bd5+ Kg7 57. Kg2 Bxh5 58. Kxg3 Be8 59. Bc6 Bh5
60. Bd5 Be8 61. Rc7+ Kf8 62. Bc4 Rf6 63. a4 e4 64. Be2 Bf7 65. Rd7 Bb3 66. Rd4
e3 67. Re4 Re6 68. Rb4 Bd5 69. Kf4 Ke7 70. Rd4 Bb7 71. Rd3 Re4+ 72. Kf5 Re6 73.
Kf4 Re4+ 74. Kf5 Re6 75. Kf4 1/2-1/2

[Event "35t. Copenhagen Open (Politiken Cup)"]
[Site "Elsinore"]
[Date "2013.08.01"]
[Round "7"]
[White "Green, Per"]
[Black "Henriksen, Geir Ivar"]
[Result "1/2-1/2"]
[WhiteElo "1967"]
[BlackElo "2215"]
[PlyCount "62"]
[EventDate "2013.07.27"]
[EventType "swiss"]
[EventRounds "10"]
[EventCountry "DEN"]
[Source "ChessBase"]
[SourceDate "2013.08.26"]

1. Nf3 c5 2. c4 Nf6 3. Nc3 Nc6 4. d4 cxd4 5. Nxd4 g6 6. e4 d6 7. Be2 Nxd4 8.
Qxd4 Bg7 9. Be3 Bd7 10. O-O O-O 11. Qd2 Bc6 12. f3 a5 13. Rfe1 Nd7 14. Rab1 a4
15. Bh6 Qa5 16. Bxg7 Kxg7 17. Bf1 Qc5+ 18. Qe3 Rfc8 19. f4 Ra5 20. Qxc5 Rxc5
21. Re3 Ra5 22. Rbe1 Rd8 23. Rd1 Raa8 24. g3 Kf8 25. Kf2 Nc5 26. g4 h6 27. h4
e6 28. Bg2 Ke7 29. Rh3 Rg8 30. Bf3 Rad8 31. Ke3 Rc8 1/2-1/2

[Event "35t. Copenhagen Open (Politiken Cup)"]
[Site "Elsinore"]
[Date "2013.08.01"]
[Round "7"]
[White "Greeuw, Sietske"]
[Black "Kristensen, Lars Ostergaard"]
[Result "1-0"]
[WhiteElo "1971"]
[BlackElo "1666"]
[PlyCount "43"]
[EventDate "2013.07.27"]
[EventType "swiss"]
[EventRounds "10"]
[EventCountry "DEN"]
[Source "ChessBase"]
[SourceDate "2013.08.26"]

1. e4 c6 2. d4 d5 3. exd5 cxd5 4. c4 Nf6 5. Nc3 Nc6 6. Nf3 Bf5 7. Bd3 Bxd3 8.
Qxd3 dxc4 9. Qxc4 e6 10. O-O Be7 11. Bf4 O-O 12. Rad1 Rc8 13. Qe2 Nd5 14. Bg3
Qb6 15. Ne4 Rfd8 16. a3 Nf6 17. Neg5 Nd5 18. Rfe1 Bxg5 19. Nxg5 Nxd4 20. Qh5 g6
21. Qxh7+ Kf8 22. Qxf7# 1-0

[Event "35t. Copenhagen Open (Politiken Cup)"]
[Site "Elsinore"]
[Date "2013.08.01"]
[Round "7"]
[White "Halamus, Agata"]
[Black "Grant, Jonathan"]
[Result "0-1"]
[WhiteElo "2046"]
[BlackElo "2235"]
[PlyCount "94"]
[EventDate "2013.07.27"]
[EventType "swiss"]
[EventRounds "10"]
[EventCountry "DEN"]
[Source "ChessBase"]
[SourceDate "2013.08.26"]

1. e4 c6 2. d4 d5 3. Nc3 dxe4 4. Nxe4 Bf5 5. Ng3 Bg6 6. Nh3 Nf6 7. Nf4 e5 8.
Nxg6 hxg6 9. dxe5 Qa5+ 10. Bd2 Qxe5+ 11. Qe2 Nbd7 12. Bc3 Qxe2+ 13. Bxe2 Bc5
14. h3 O-O 15. O-O Rfe8 16. Rfe1 Nb6 17. Bd2 Rad8 18. Bd3 Bd4 19. Rab1 Na4 20.
Rxe8+ Nxe8 21. b4 Nf6 22. Ne2 Be5 23. Be3 Nb2 24. Nc1 Nd5 25. Bg5 Rd7 26. a3 a6
27. Bf1 f6 28. Bd2 Kf7 29. Nd3 Nxd3 30. Bxd3 b5 31. g3 Bd4 32. Kg2 Nb6 33. Re1
Bb2 34. Bc1 Bc3 35. Re4 Na4 36. Re2 c5 37. Re4 f5 38. Rf4 c4 39. Be2 Bd2 40.
Bxd2 Rxd2 41. Bf3 Nc3 42. Bb7 Ne2 43. Rf3 Nd4 44. Rc3 Rxc2 45. Rxc2 Nxc2 46.
Bxa6 c3 47. Kf3 Nxb4 0-1

[Event "35t. Copenhagen Open (Politiken Cup)"]
[Site "Elsinore"]
[Date "2013.08.01"]
[Round "7"]
[White "Halkias, Stelios"]
[Black "Nilssen, John Arni"]
[Result "1-0"]
[WhiteElo "2565"]
[BlackElo "2353"]
[PlyCount "101"]
[EventDate "2013.07.27"]
[EventType "swiss"]
[EventRounds "10"]
[EventCountry "DEN"]
[Source "ChessBase"]
[SourceDate "2013.08.26"]

1. c4 e6 2. g3 d5 3. Nf3 Nf6 4. d4 Bb4+ 5. Bd2 Be7 6. Bg2 O-O 7. O-O c6 8. Qc2
b6 9. Rd1 Nbd7 10. b3 a5 11. Bc3 Bb7 12. Nbd2 Rc8 13. e4 c5 14. exd5 exd5 15.
Qf5 dxc4 16. Nxc4 Be4 17. Qh3 Qc7 18. Nh4 Bxg2 19. Qxg2 cxd4 20. Nf5 Qc5 21.
Nxe7+ Qxe7 22. Bxd4 Qe6 23. Re1 Qc6 24. Rad1 Qxg2+ 25. Kxg2 Rc6 26. a4 h6 27.
Re7 Rb8 28. Be3 Nc5 29. Ne5 Re6 30. Rxe6 fxe6 31. Nc6 Ra8 32. Bxc5 bxc5 33.
Rd8+ Rxd8 34. Nxd8 Nd7 35. Nb7 c4 36. bxc4 Nb6 37. Nxa5 Nxa4 38. Kf3 Kf7 39.
Ke4 Ke7 40. Nb3 Nb6 41. c5 Nd5 42. Kd4 Kd7 43. Na5 Nc7 44. f4 h5 45. Ke5 Na6
46. c6+ Ke7 47. Nb3 Nb4 48. c7 Nc6+ 49. Ke4 Na7 50. Nd4 Nc8 51. Ke5 1-0

[Event "35t. Copenhagen Open (Politiken Cup)"]
[Site "Elsinore"]
[Date "2013.08.01"]
[Round "7"]
[White "Hansen, Alex Mehr"]
[Black "Henningsen, Lasse"]
[Result "1-0"]
[WhiteElo "1953"]
[BlackElo "1779"]
[PlyCount "89"]
[EventDate "2013.07.27"]
[EventType "swiss"]
[EventRounds "10"]
[EventCountry "DEN"]
[Source "ChessBase"]
[SourceDate "2013.08.26"]

1. e4 e6 2. d4 d5 3. e5 c5 4. c3 Bd7 5. f4 Qb6 6. Nf3 Bb5 7. Bd3 Bxd3 8. Qxd3
Qa6 9. Qxa6 Nxa6 10. a3 Ne7 11. b4 cxd4 12. Nxd4 Nc6 13. Be3 Nxd4 14. Bxd4 b6
15. Nd2 Be7 16. O-O O-O 17. g4 Rfd8 18. Nf3 Rd7 19. h4 Rc8 20. h5 Nb8 21. b5
Rdc7 22. a4 Nd7 23. a5 Bc5 24. a6 Be7 25. Nd2 Nc5 26. Rf3 Nd7 27. Nb3 Bc5 28.
f5 Bxd4+ 29. cxd4 Rc4 30. Raf1 Rf8 31. Kg2 Rfc8 32. fxe6 fxe6 33. Rf7 R8c7 34.
Re7 Nf8 35. Rff7 Rxe7 36. Rxe7 Rc2+ 37. Kf1 Rb2 38. Nc1 Rb1 39. Rc7 Rxb5 40.
Rxa7 Rb1 41. Rc7 Ra1 42. a7 b5 43. Ke2 b4 44. Kd2 Ra3 45. Kc2 1-0

[Event "35t. Copenhagen Open (Politiken Cup)"]
[Site "Elsinore"]
[Date "2013.08.01"]
[Round "7"]
[White "Hansen, Anders"]
[Black "Madsen, Ole Rysgaard"]
[Result "1-0"]
[WhiteElo "1709"]
[BlackElo "1919"]
[PlyCount "65"]
[EventDate "2013.07.27"]
[EventType "swiss"]
[EventRounds "10"]
[EventCountry "DEN"]
[Source "ChessBase"]
[SourceDate "2013.08.26"]

1. b3 e5 2. Bb2 Nc6 3. e3 Nf6 4. Bb5 d6 5. d4 exd4 6. exd4 a6 7. Qe2+ Qe7 8.
Bxc6+ bxc6 9. Nc3 Bg4 10. f3 Bd7 11. O-O-O Qxe2 12. Ngxe2 g6 13. Rhe1 Bh6+ 14.
Nf4+ Kd8 15. g3 g5 16. Nd3 Re8 17. Kb1 Nd5 18. Ne4 f5 19. Nef2 Ne3 20. Rd2 f4
21. Rde2 Nf5 22. Ne4 fxg3 23. hxg3 d5 24. Nf6 Rxe2 25. Rxe2 Bg7 26. Nxd7 Bxd4
27. N7c5 Bxb2 28. Kxb2 Nd4 29. Rh2 Ke7 30. Rxh7+ Kf6 31. f4 g4 32. Ne5 Rf8 33.
Ncd7+ 1-0

[Event "35t. Copenhagen Open (Politiken Cup)"]
[Site "Elsinore"]
[Date "2013.08.01"]
[Round "7"]
[White "Hansen, Ole Foss"]
[Black "Hansen, Rasmus Agertoft"]
[Result "0-1"]
[WhiteElo "1779"]
[BlackElo "1945"]
[PlyCount "68"]
[EventDate "2013.07.27"]
[EventType "swiss"]
[EventRounds "10"]
[EventCountry "DEN"]
[Source "ChessBase"]
[SourceDate "2013.08.26"]

1. d4 f5 2. c4 Nf6 3. g3 g6 4. Bg2 Bg7 5. Nf3 d6 6. O-O O-O 7. Nc3 Nc6 8. Re1
Ne4 9. e3 Nxc3 10. bxc3 e5 11. Rb1 e4 12. Nd2 Na5 13. Qa4 b6 14. Qb5 Bd7 15.
Qb2 c6 16. f3 d5 17. cxd5 cxd5 18. fxe4 fxe4 19. Qb4 Qf6 20. Rf1 Qg5 21. Rf4
Rxf4 22. exf4 Qh5 23. Ba3 Bf8 24. Qb2 Qe2 25. Nb3 Qe3+ 26. Kh1 Nc4 27. Qc1 Bxa3
28. Qxe3 Nxe3 29. Nd2 Nxg2 30. Kxg2 Rc8 31. c4 dxc4 32. Nxe4 Bc6 33. Kf3 Re8
34. Re1 c3 0-1

[Event "35t. Copenhagen Open (Politiken Cup)"]
[Site "Elsinore"]
[Date "2013.08.01"]
[Round "7"]
[White "Hansen, Victor"]
[Black "Larsen, Karsten"]
[Result "0-1"]
[WhiteElo "2089"]
[BlackElo "2270"]
[PlyCount "52"]
[EventDate "2013.07.27"]
[EventType "swiss"]
[EventRounds "10"]
[EventCountry "DEN"]
[Source "ChessBase"]
[SourceDate "2013.08.26"]

1. d4 Nf6 2. c4 e6 3. Nc3 d5 4. cxd5 exd5 5. Bg5 Be7 6. Qc2 O-O 7. e3 c6 8. Bd3
Nbd7 9. Nge2 Re8 10. O-O Nf8 11. f3 Bd7 12. Rad1 Rc8 13. Kh1 a6 14. e4 dxe4 15.
fxe4 Ng4 16. Bxe7 Qxe7 17. Qd2 Qh4 18. Qf4 Ng6 19. Qxf7+ Kh8 20. h3 Be6 21.
Qxb7 Nf2+ 22. Kg1 Rf8 23. Kh2 Bxh3 24. g3 Qh6 25. Nf4 Nxf4 26. Rxf2 Bg2+ 0-1

[Event "35t. Copenhagen Open (Politiken Cup)"]
[Site "Elsinore"]
[Date "2013.08.01"]
[Round "7"]
[White "Hanssen, Johnny"]
[Black "Jepsen, Thomas Tange"]
[Result "1/2-1/2"]
[WhiteElo "1879"]
[BlackElo "2079"]
[PlyCount "99"]
[EventDate "2013.07.27"]
[EventType "swiss"]
[EventRounds "10"]
[EventCountry "DEN"]
[Source "ChessBase"]
[SourceDate "2013.08.26"]

1. e4 c6 2. d4 d5 3. exd5 cxd5 4. Bd3 Nc6 5. c3 Nf6 6. Bf4 e6 7. Nf3 Be7 8.
Nbd2 O-O 9. Ne5 Bd7 10. Qe2 Qb6 11. Ndf3 Nxe5 12. Nxe5 a6 13. Bg5 Rfd8 14. Bxf6
Bxf6 15. Bxh7+ Kf8 16. Nxd7+ Rxd7 17. Bd3 e5 18. dxe5 Bxe5 19. O-O Re8 20. Qg4
Re6 21. Rab1 d4 22. c4 Qa5 23. f4 Bf6 24. b4 Qxa2 25. Qd1 Re3 26. Rf2 Qa3 27.
Rb3 Re1+ 28. Qxe1 Qxb3 29. Re2 Rd8 30. Qd2 Qc3 31. Kf1 b6 32. Qxc3 dxc3 33. Bc2
Rd2 34. Ba4 Rxe2 35. Kxe2 Be7 36. b5 a5 37. Kd3 Bb4 38. Ke4 Ke7 39. g4 Kd6 40.
h4 Kc5 41. Kd3 Kd6 42. Bb3 Ke7 43. Ke4 Bd6 44. h5 Bc5 45. Kf5 Bd4 46. Ke4 Bc5
47. g5 Ke6 48. f5+ Ke7 49. h6 gxh6 50. gxh6 1/2-1/2

[Event "35t. Copenhagen Open (Politiken Cup)"]
[Site "Elsinore"]
[Date "2013.08.01"]
[Round "7"]
[White "Haubro, Martin"]
[Black "Haldorsen, Benjamin"]
[Result "1-0"]
[WhiteElo "2201"]
[BlackElo "1983"]
[PlyCount "129"]
[EventDate "2013.07.27"]
[EventType "swiss"]
[EventRounds "10"]
[EventCountry "DEN"]
[Source "ChessBase"]
[SourceDate "2013.08.26"]

1. e4 e5 2. Nf3 Nc6 3. Bc4 Bc5 4. O-O Nf6 5. d3 O-O 6. c3 d6 7. h3 h6 8. Re1 a6
9. Bb3 Ba7 10. Nbd2 Nh5 11. Nf1 Qf6 12. Be3 Nf4 13. d4 g5 14. N1h2 Qg7 15. Kh1
Ne7 16. Qd2 Neg6 17. Rad1 Kh8 18. dxe5 dxe5 19. Bxa7 Rxa7 20. Qe3 Ra8 21. Rd2
f6 22. Red1 h5 23. Ne1 Qe7 24. Nd3 a5 25. Nc5 Re8 26. Nd7 Ra6 27. Ba4 Rd8 28.
Nxe5 Rxd2 29. Nxg6+ Nxg6 30. Rxd2 Re6 31. Bc2 Kg7 32. Nf3 Ne5 33. Nxe5 Rxe5 34.
f4 gxf4 35. Qxf4 Rb5 36. Rd3 Qe5 37. Rg3+ Kh7 38. Qxe5 fxe5 39. b3 Be6 40. Kg1
Kh6 41. c4 Rb6 42. Rd3 Rd6 43. Rxd6 cxd6 44. h4 Kg7 45. Bd1 Kg6 46. Kf2 a4 47.
bxa4 Bxc4 48. Bb3 Ba6 49. Bd5 b6 50. Ke3 Bf1 51. g3 Kf6 52. Kd2 Ke7 53. Kc3 Kd7
54. Kb4 Kc7 55. a5 Be2 56. axb6+ Kxb6 57. Kc3 Kc5 58. Kd2 Bg4 59. Ke3 Kb4 60.
Bf7 Kc3 61. Bg6 Kc4 62. Bf5 Bd1 63. Be6+ Kc3 64. g4 hxg4 65. h5 1-0

[Event "35t. Copenhagen Open (Politiken Cup)"]
[Site "Elsinore"]
[Date "2013.08.01"]
[Round "7"]
[White "Haugli, Petter"]
[Black "Ivarsson, Tryggve"]
[Result "1-0"]
[WhiteElo "2287"]
[BlackElo "2121"]
[PlyCount "39"]
[EventDate "2013.07.27"]
[EventType "swiss"]
[EventRounds "10"]
[EventCountry "DEN"]
[Source "ChessBase"]
[SourceDate "2013.08.26"]

1. d4 Nf6 2. c4 c5 3. d5 e6 4. Nc3 exd5 5. cxd5 Bd6 6. e4 O-O 7. f4 Nxe4 8.
Nxe4 Re8 9. Qe2 Bc7 10. g4 b6 11. Bg2 Bb7 12. Qd3 Na6 13. Bd2 Qh4+ 14. Kd1
Qxg4+ 15. Bf3 Qh4 16. Ne2 b5 17. Rg1 Kf8 18. Qc3 f6 19. Nxc5 Rxe2 20. Bxe2 1-0

[Event "35t. Copenhagen Open (Politiken Cup)"]
[Site "Elsinore"]
[Date "2013.08.01"]
[Round "7"]
[White "Hector, Jonny"]
[Black "Grandelius, Nils"]
[Result "1-0"]
[WhiteElo "2509"]
[BlackElo "2573"]
[PlyCount "169"]
[EventDate "2013.07.27"]
[EventType "swiss"]
[EventRounds "10"]
[EventCountry "DEN"]
[Source "ChessBase"]
[SourceDate "2013.08.26"]

1. e4 c5 2. Nf3 d6 3. d4 cxd4 4. Nxd4 Nf6 5. Nc3 a6 6. h3 g6 7. g4 Bg7 8. Be3
Nc6 9. Bg2 Bd7 10. Nde2 O-O 11. O-O Rc8 12. Qe1 b5 13. a3 Ne5 14. Rd1 a5 15.
Nd4 Nc4 16. Bc1 Qe8 17. Nd5 Nxd5 18. exd5 Rc5 19. Qe2 e5 20. dxe6 fxe6 21. f4
e5 22. Nb3 Rc8 23. fxe5 Qxe5 24. Qxe5 Bxe5 25. Nd4 Rxf1+ 26. Kxf1 Rf8+ 27. Ke2
Bg3 28. Rf1 Re8+ 29. Kd1 h5 30. gxh5 gxh5 31. b3 Nb6 32. Bf4 Bxf4 33. Rxf4 Kg7
34. h4 Re5 35. Bc6 Bxc6 36. Nxc6 Nd5 37. Rd4 Ne3+ 38. Kd2 Nxc2 39. Rxd6 Rc5 40.
Nd8 Rc8 41. Ne6+ Kf7 42. Ra6 Ke7 43. Nf4 Nd4 44. b4 axb4 45. axb4 Rc4 46. Nd5+
Kf7 47. Rf6+ Kg7 48. Rf4 Nb3+ 49. Ke3 Rc6 50. Rf5 Kh6 51. Nf4 Rc3+ 52. Ke4 Nd2+
53. Kd5 Nf3 54. Rxh5+ Kg7 55. Ne6+ Kf6 56. Rh6+ Kf5 57. h5 Rd3+ 58. Kc5 Rd7 59.
Kxb5 Rb7+ 60. Kc5 Ne5 61. b5 Ng4 62. Rg6 Nf6 63. Nd4+ Ke5 64. Rg5+ Ke4 65. Ne6
Rh7 66. Ng7 Nd7+ 67. Kd6 Nb6 68. Kc6 Nc8 69. Kd7 Nb6+ 70. Kc6 Nc4 71. Kc7 Kf4
72. Rg1 Ne5 73. b6 Nf3 74. Rg6 Ne5 75. Rf6+ Ke4 76. h6 Ng4 77. Rg6 Ne5 78. b7
Nxg6 79. b8=Q Rxh6 80. Qb1+ Kf3 81. Ne6 Nh4 82. Qd3+ Kg4 83. Qe4+ Kh5 84. Qe5+
Kg6 85. Qg5+ 1-0

[Event "35t. Copenhagen Open (Politiken Cup)"]
[Site "Elsinore"]
[Date "2013.08.01"]
[Round "7"]
[White "Heimisson, Hilmir Freyr"]
[Black "Sorensen, Dick"]
[Result "1-0"]
[WhiteElo "1690"]
[BlackElo "2000"]
[PlyCount "103"]
[EventDate "2013.07.27"]
[EventType "swiss"]
[EventRounds "10"]
[EventCountry "DEN"]
[Source "ChessBase"]
[SourceDate "2013.08.26"]

1. e4 g6 2. d4 Bg7 3. Nf3 d6 4. Bd3 Nf6 5. O-O O-O 6. c3 c6 7. Bf4 a6 8. Nbd2
b5 9. Rc1 Bb7 10. Qe2 e6 11. Bb1 Nh5 12. Bg5 Qc7 13. e5 dxe5 14. dxe5 h6 15.
Bh4 c5 16. a4 Nf4 17. Qe3 Nd5 18. Qe2 bxa4 19. Rfd1 Nd7 20. Bg3 N7b6 21. Nh4
Rad8 22. Qg4 Ne7 23. Ne4 Rxd1+ 24. Rxd1 Rd8 25. Rxd8+ Qxd8 26. Nd6 Bc8 27. h3
Qf8 28. Qe4 f5 29. exf6 Qxf6 30. Nf3 Nf5 31. Ne8 Qe7 32. Nxg7 Nxg3 33. fxg3
Qxg7 34. Qc6 Bb7 35. Qxb6 Bxf3 36. Qxe6+ Kh8 37. gxf3 a3 38. bxa3 Qxc3 39. Qe8+
Kg7 40. Qxg6+ Kf8 41. Qxh6+ Ke7 42. Qh7+ Kf8 43. Qd3 Qe1+ 44. Kg2 c4 45. Qc2 c3
46. Ba2 a5 47. Bb3 Qe7 48. Qxc3 Qxa3 49. Qf6+ Ke8 50. Be6 Qd3 51. Bf7+ Kd7 52.
Qe6+ 1-0

[Event "35t. Copenhagen Open (Politiken Cup)"]
[Site "Elsinore"]
[Date "2013.08.01"]
[Round "7"]
[White "Hein, Jacob"]
[Black "Starup, Leo"]
[Result "0-1"]
[WhiteElo "1491"]
[BlackElo "1686"]
[PlyCount "120"]
[EventDate "2013.07.27"]
[EventType "swiss"]
[EventRounds "10"]
[EventCountry "DEN"]
[Source "ChessBase"]
[SourceDate "2013.08.26"]

1. Nf3 c5 2. c4 Nc6 3. Nc3 d6 4. g3 Nf6 5. Bg2 e6 6. O-O Be7 7. Rb1 O-O 8. a3
Bd7 9. e3 Rc8 10. b4 cxb4 11. axb4 b6 12. d4 Nxb4 13. Rxb4 d5 14. c5 bxc5 15.
dxc5 Rxc5 16. Rb3 Re8 17. Qd3 Qc7 18. Ba3 Rc4 19. Nd2 a6 20. Bxe7 Rxe7 21. Rfb1
Re8 22. Rb7 Rxc3 23. Rxc7 Rxd3 24. Nf3 e5 25. Ne1 Rd2 26. Bf1 Be6 27. Nf3 Ra2
28. Nxe5 Ne4 29. Nd3 a5 30. Rcb7 g6 31. R1b2 Ra1 32. Kg2 Bh3+ 33. Kxh3 Rxf1 34.
Kg2 Ra1 35. Rc7 a4 36. f3 Nd6 37. Re2 a3 38. Nb4 d4 39. e4 Nb5 40. Rc4 Nc3 41.
Rd2 a2 42. Kh3 Ra8 43. Rcxd4 Kg7 44. Rc4 Rf1 45. Nc2 Nb1 46. Rd7 Na3 47. Rcc7
Rxf3 48. Kg2 Nxc2 49. Kxf3 Nd4+ 50. Rxd4 a1=Q 51. Rdd7 Rf8 52. Kg4 Qh1 53. e5
Qe4+ 54. Kh3 Qxe5 55. Re7 Qf5+ 56. g4 Qf3+ 57. Kh4 h6 58. Rxf7+ Rxf7 59. Rxf7+
Kxf7 60. g5 h5 0-1